000 00606nam a2200241 a 4500
001 0001-1010
003 ELIB.Books
008 141022 2010 eng
020 _a9780800696658
035 _a(ELIB.Books)0001-1164
092 _a230.01
_bOls
100 _aOlson, Duane
245 _aIssues in Contemporary Christian Thought
260 _aMinneapolis:
_bFortress Press
_c2010
300 _a296
_c20.7 Cm
500 _aLib
650 _aTheology
856 _nKBTS; Library
_uKBTS; Elib.
942 _2ddc
_cBK
990 _a1
998 _cbat
_e2014-10-22
999 _c11010
_d11010